Quizzes
Events
Quiz Creation
Community
Videos
Private Events
Remove Ads
Sign In
Join for FREE
Feedback
Dark Mode
Quiz Categories
Sports
Geography
Music
Movies
Television
Just For Fun
Miscellaneous
History
Literature
Language
Science
Gaming
Entertainment
Religion
Holiday
For Kids
Quiz Lab
Recent
Popular Today
Quiz Kudos Today
Editor Picks
Curator Picks
Quizzes by...
Day
Popularity
Type
Ratings
Length
Year
Community
Subscriptions
Recent Discussions
Orange Saloon
Badges
Playlists
Quests
Create
Leaderboards
Showdown
Live 5
Trivia Bingo
Activity
Puzzle Library
Sporcle Events
Private Events
Virtual Trivia
Globe League
Become a Host
Pub Owners
SporcleCon
Opinionation
Our Games
Videos
Blog
Mobile Apps
Partnerships
Remove Ads and Go Orange
Feedback
Literature
Harry Potter
A Song of Ice and Fire
The Hunger Games
Literary Character
Shakespeare
Book
Author
Novel
Poem
Young Adult
Children's Books
Play
Lord of the Rings
Literature
Harry Potter
A Song of Ice and Fire
The Hunger Games
Literary Character
Shakespeare
Book
Author
Novel
Poem
Young Adult
Children's Books
Play
Lord of the Rings
Random Quiz
Search Sporcle
×
Quiz Lab
Quiz Lab
Literature
Art
Type in answers that appear in a list
Type in answers that appear in a list
Classic
Best Score? Go Orange.
Advanced Placement (AP) Courses Stats
Can you name the Advanced Placement (AP) Courses?
By
mr_amazing
7m
30 Questions
200 Plays
200 Plays
200 Plays
Comments
Comments
Give Quiz Kudos
Give Quiz Kudos
-
- Ratings
hide this ad
More Info
Replay
Link that replays current quiz
Next Quiz
Link to next quiz in quiz playlist
You Got
0%
They Got
Avg Score
79%
Avg Friend Score
Upgrade to see
Score Distribution
Jump to the score distribution portion of the page
Score
0/30
Timer
07:00
0
Plays Today
Subject
Course
% Correct
Language
Spanish Language
97%
Math
Calculus AB
96.5%
Science
Chemistry
96.5%
Science
Bio
96%
Language
French Language
95.5%
Science
Physics B
95.5%
Art
Studio Art
95%
Language Arts
English Language
93.5%
Social Sciences
US History
92%
Math
Calculus BC
88.9%
Language Arts
English Literature
87.4%
Language
German Language
86.4%
Language
Chinese Language and Culture
85.4%
Economics
Macroeconomics
84.9%
Economics
Microeconomics
84.4%
Subject
Course
% Correct
Math
Statistics
83.4%
Social Sciences
World History
81.4%
Art
Art History
79.4%
Science
Physics C
78.9%
Technology
Computer Science
77.9%
Language
Latin: Vergil
76.9%
Social Sciences
European History
75.4%
Language
Japanese Language and Culture
75.4%
Social Sciences
Psychology
71.9%
Science
Environmental Science
64.3%
Social Sciences
Human Geography
57.8%
Language
Spanish Literature
57.3%
Art
Music Theory
54.3%
Social Sciences
US Government and Politics
37.7%
Social Sciences
Comparative Government and Politics
29.6%
Quiz Playlist
Details
Report
Send in Message
Add To Playlist
More Info:
If I took the amount of time that I am on Sporcle and instead put it towards studying, I would have all A's.
Classic:
Type in answers that appear in a list
Quiz Source
Last Updated: Feb 16, 2017
Quiz Scoreboard
CHALLENGE
Sign Up to Join the Scoreboard
Show All
Scores
Hide
Comments
May contain spoilers
Recently Published
Presidents Visiting Landmarks
by Hejman
History
7m
An Introduction to Baseball
by treessimontrees
Sports
5m
Movies - When Are They Set?
by FPL_Elf
Movies
5m
More to Explore
Quiz From the Vault
Featured Blog Post
Where Did the Easter Bunny Come From?
hide this ad
You Might Also Like...
Tags
Art Quiz
Math Quiz
school
Science Math
Today's Top Quizzes in Literature
Browse Literature
hide this ad
Today's Top Quizzes in Art
Browse Art
Top Contributed Quizzes in Literature
1
Sneaky Slytherin Logic Puzzle
2
Get The Picture: Black or White Literature
3
A Court of Thorns and Roses (ACoTaR) Logic Puzzle
4
5-to-1: Plays
5
One Thing in Common: Literature
6
One Thing in Common: Literature 3
7
One Thing in Common: Literature II
8
Harry Potter Neighbourly Logic Puzzle #5
9
One Thing in Common: Books
10
Harry Potter Neighbourly Logic Puzzle #6
Explore More
Trending Topics
Harry Potter
Crossword
Marvel
Disney
Anime
Kpop
NBA
NFL
The Office
Soccer
WWE
Pokémon
Song
Country
Puzzle
hide this ad
More By:
mr_amazing
Quiz
Plays
Rating
Category
Featured
Created
2010 FIBA World Championship teams
319
4.00
Sports
Aug 26, 2010
Advanced Placement (AP) Courses
200
4.67
Literature
Oct 7, 2010
NCAA Most Conference Championships
117
3.20
Sports
Mar 13, 2011
2010 College Football Bowl Names
51
5.00
Sports
Dec 29, 2010
2nd round nba draft order 2010
23
5.00
Sports
Jun 25, 2010
Go to Creator's Profile
Score Distribution
Quiz Creator Spotlight
mr_amazing
Follow
Send a Message
Quizzes Created
-
Created Quiz Play Count
-
More By This Creator
Popular Quizzes Today
1
Find the US States - No Outlines Minefield
2
Find the Countries of Europe - No Outlines Minefield
3
The Countries of the World
4
Find the US States
5
Popular People in 1961
6
US States
7
Risky Map Clicking: Biggest States A-Z
8
Movies - When Are They Set?
More Literature Quizzes
Harry Potter Multiplication
Published
Trending Quizzes
Risky Map Clicking: Least Populous States A-Z
1-10 Letter G Words
1-10 Letter F Words
Risky Map Clicking: Next State Alphabetically
Risky Map Clicking: Biggest States A-Z
Recently Updated
Leaping Animals
pecheneg
Reality TV Shows (A-Z)
bhenderson79
Rickey Henderson's Hall of Fame Teammates
pecheneg
Champions League XIs: Arsenal
pecheneg
Quick Pick: Celebrities in WWE's Hall of Fame
aduchscher
A-Z Keypad Blitz II
pecheneg
Multiple Oscar Actors
pecheneg
Mystery Phrase Blitz: Oscar 'Best Actors'
pecheneg
F. Scott Fitzgerald Novels
LTH
Pick 3 Villains
ddd62291
Trending Topics
Marvel
Disney
NBA
Crossword
Harry Potter
Anime
Kpop
Country
Puzzle
Pokémon
Song
WWE
The Office
NFL
Soccer
Your Account Isn't Verified!
In order to create a playlist on Sporcle, you need to verify the email address you used during registration. Go to your
Sporcle Settings
to finish the process.
Report this User
Report this user for behavior that violates our
Community Guidelines
.
Details:
Send Report
Go to the Sporcle.com Mobile Site →
Comments